[Event "ch-IND w"]
[Site "Pune IND"]
[Date "2007.11.07"]
[Round "3"]
[White "Savetha,C"]
[Black "Baisakhi,D"]
[Result "0-1"]
[WhiteElo "1968"]
[BlackElo "2101"]

1.e4 c5 2.Nf3 e6 3.d4 cxd4 4.Nxd4 Nc6 5.Nc3 Qc7 6.Be2 a6 7.Be3 Nf6 8.O-O Bb4
9.Nxc6 bxc6 10.Qd3 Be7 11.f4 d6 12.Kh1 Bb7 13.Bf3 O-O 14.Qe2 c5 15.Rad1 Rad8
16.Bc1 d5 17.e5 Nd7 18.g4 Rfe8 19.g5 Bf8 20.Rg1 Nb8 21.Rg4 Nc6 22.Qg2 Nd4
23.Kg1 Qc6 24.Re1 Nxf3+ 25.Qxf3 Qb6 26.Qf2 g6 27.Rh4 d4 28.Ne4 Bxe4 29.Rxe4 c4
30.Kf1 Bc5 31.Qe1 d3 32.c3 d2 33.Bxd2 Qxb2 34.Re2 Qb7 35.Re3 Bxe3 36.Qxe3 Rd3
37.Qe2 Qb1+ 38.Be1 Red8 39.f5 Rxc3 40.f6 Qf5+ 41.Bf2 Rc2 42.Qe3 Rdd2 43.Rf4 Rd1+
44.Be1 Qd3+ 45.Qxd3 cxd3 46.Rd4 h6 47.Rd8+ Kh7 48.Rf8 Re2 49.Rxf7+ Kg8 50.Rg7+ Kf8  0-1

[Event "Cup Russia"]
[Site "Serpukhov RUS"]
[Date "2007.11.07"]
[Round "2.1"]
[White "Malakhov,V"]
[Black "Grachev,B"]
[Result "1-0"]
[WhiteElo "2690"]
[BlackElo "2602"]

1.e4 c5 2.Ne2 Nc6 3.Nbc3 e6 4.d4 cxd4 5.Nxd4 Qc7 6.g3 a6 7.Bg2 Nf6 8.O-O Nxd4
9.Qxd4 Bc5 10.Qd3 d6 11.Na4 Ba7 12.b3 O-O 13.Ba3 Rd8 14.Rad1 d5 15.exd5 exd5
16.Qc3 Qxc3 17.Nxc3 Bg4 18.Rd2 d4 19.Na4 Rac8 20.Bxb7 Rc7 21.Bg2 Rdc8 22.Rc1 Bf5
23.c4 dxc3 24.Rxc3 h6 25.Rxc7 Rxc7 26.Kf1 Ng4 27.Rd5 Be6 28.Rd8+ Kh7 29.Be4+ f5
30.Bb1 Nxf2 31.Rd6 Bc8 32.Nb6 Bxb6 33.Rxb6 Ne4 34.Ke1 Rc3 35.Ke2 Bd7 36.Bb2 Rc7
37.Be5 Rc1 38.Bxe4 fxe4 39.Rb7 Rc5 40.Bd4 Bb5+ 41.Ke3 Rg5 42.Kf4 Rg6 43.a4 Be8
44.Ra7 Kg8 45.Kxe4 Re6+ 46.Kf4 Bf7 47.b4 Be8 48.Kf5 Rd6 49.Be5 Rb6 50.b5 axb5
51.a5 Rg6 52.a6 Kh7 53.Re7 Bc6 54.a7 Bf3 55.Kf4 Bh1 56.g4 b4 57.h4 h5 58.gxh5 Rg1
59.Bd4 Rd1 60.Bxg7 b3 61.h6 b2 62.Bxb2+ Kxh6 63.Re8 Rf1+ 64.Kg3 Rb1 65.Be5 Rb3+
66.Kh2 Bd5 67.a8=Q Bxa8 68.Rxa8 Kh5 69.Bg3 Kg4 70.Ra4+ Kh5 71.Kh3  1-0

[Event "Cup Russia"]
[Site "Serpukhov RUS"]
[Date "2007.11.07"]
[Round "2.1"]
[White "Timofeev,Arty"]
[Black "Iljin,A"]
[Result "1-0"]
[WhiteElo "2637"]
[BlackElo "2565"]

1.e4 c5 2.Nf3 e6 3.d4 cxd4 4.Nxd4 Nc6 5.Nc3 Nb8 6.Nb1 Nc6 7.Nc3 Qc7 8.f4 Nxd4
9.Qxd4 a6 10.Be3 b5 11.Be2 Ne7 12.O-O Nc6 13.Qd2 Be7 14.Rad1 d6 15.Qe1 O-O
16.Qg3 Bf6 17.Rd2 Rb8 18.Kh1 Kh8 19.Rfd1 Be7 20.Bh5 Bb7 21.Qh3 b4 22.Ne2 Na5
23.b3 Bxe4 24.Ng3 Bf5 25.Nxf5 exf5 26.Qxf5 Nc6 27.Bf3 Rb5 28.Qe4 Rc8 29.Bg4 Rcb8
30.Qc4 Kg8 31.c3 Qb7 32.Bf3 Na5 33.Qe2 Nc6 34.cxb4 Qd7 35.a3 Nd8 36.Bd5  1-0

[Event "ch-IND w"]
[Site "Pune IND"]
[Date "2007.11.08"]
[Round "4"]
[White "Padmini,R"]
[Black "Baisakhi,D"]
[Result "1-0"]
[WhiteElo "2226"]
[BlackElo "2101"]

1.e4 c5 2.Nf3 e6 3.d4 cxd4 4.Nxd4 Nc6 5.Nc3 Qc7 6.g3 a6 7.Bg2 Nf6 8.O-O Bc5
9.Nb3 Ba7 10.a4 h5 11.Bf4 Ne5 12.h3 Rg8 13.Nd4 Bc5 14.Nf3 d6 15.Nxe5 dxe5
16.Bg5 Bd7 17.Qe2 Rc8 18.Be3 Bd4 19.Ra3 Qc4 20.Qd2 Bxe3 21.Qxe3 Qc5 22.Qd2 Ke7
23.Qg5 Rgd8 24.Rb3 Bc6 25.Kh1 Kf8 26.f4 exf4 27.Qxc5+  1-0

[Event "Open"]
[Site "Villa de Navalmoral ESP"]
[Date "2007.11.08"]
[Round "7"]
[White "Alsina Leal,D"]
[Black "Del Rio Angelis,S"]
[Result "1/2-1/2"]
[WhiteElo "2435"]
[BlackElo "2512"]

1.e4 c5 2.Nf3 Nc6 3.d4 cxd4 4.Nxd4 e6 5.Nc3 d6 6.Be3 Nf6 7.f3 Be7 8.Qd2 a6
9.g4 O-O 10.O-O-O Nxd4 11.Bxd4 b5 12.g5 Nd7 13.h4 Rb8 14.Kb1 Qc7 15.Qg2 b4
16.Ne2 e5 17.Be3 Nb6 18.Bxb6 Rxb6 19.Ng3 Rd8 20.Nf5 d5 21.Nxe7+ Qxe7 22.exd5 Qc5  1/2-1/2

[Event "Open"]
[Site "Liberec CZE"]
[Date "2007.11.10"]
[Round "1"]
[White "Rutter,L"]
[Black "Ksieski,Z"]
[Result "0-1"]
[WhiteElo "1920"]
[BlackElo "2400"]

1.e4 c5 2.Nf3 e6 3.d4 cxd4 4.Nxd4 Nc6 5.Nc3 d6 6.Be3 Nf6 7.Bc4 Na5 8.Be2 a6
9.O-O Be7 10.f4 Qc7 11.Qd3 O-O 12.a4 Bd7 13.b4 Rac8 14.Nd1 Nc4 15.b5 e5 16.fxe5 Nxe5
17.Qb3 Nxe4 18.b6 Qd8 19.c4 Nc5 20.Qb4 Bg5 21.Nf5 Qf6 22.Bxg5 Qxg5 23.Nfe3 Bc6
24.Bf3 Nxf3+  0-1

[Event "ch-IND w"]
[Site "Pune IND"]
[Date "2007.11.10"]
[Round "6"]
[White "Athirai,S"]
[Black "Baisakhi,D"]
[Result "1-0"]
[WhiteElo "2000"]
[BlackElo "2101"]

1.e4 c5 2.Nf3 e6 3.d4 cxd4 4.Nxd4 Nc6 5.Nc3 a6 6.Be3 Qc7 7.Be2 Nf6 8.O-O Bb4
9.Na4 Be7 10.Nxc6 bxc6 11.Nb6 Rb8 12.Nxc8 Qxc8 13.Bd4 c5 14.Be5 Rb6 15.b3 O-O
16.Qd3 d6 17.Bb2 Qc6 18.e5 Ne8 19.Bf3 Qc8 20.Be4 g6 21.c4 dxe5 22.Bxe5 f6
23.Bf4 f5 24.Bf3 Bf6 25.Rae1 g5 26.Be5 Nd6 27.Bxd6 Rd8 28.Rxe6 Qxe6 29.Bd5 Rdxd6
30.Bxe6+ Rxe6 31.Qxf5 Rbc6 32.g3 Red6 33.Re1 Kg7 34.Kg2 h6 35.Re8 Rd2 36.Rb8 Rcd6
37.Rb7+ Kf8 38.Qh7 Ke8 39.Qg8+  1-0

[Event "TCh-HUN 2007-8"]
[Site "Budapest HUN"]
[Date "2007.11.11"]
[Round "2"]
[White "Fogarasi,T"]
[Black "Horvath,Ad1"]
[Result "1/2-1/2"]
[WhiteElo "2428"]
[BlackElo "2501"]

1.e4 c5 2.Nf3 Nc6 3.Nc3 e6 4.d4 cxd4 5.Nxd4 Qc7 6.Be3 a6 7.Bd3 Nf6 8.Qe2 Bd6
9.h3 b5 10.O-O Bb7 11.f4 Bc5 12.Nf3 Qb6 13.Bxc5 Qxc5+ 14.Kh2 h5 15.e5 Ng4+
16.Kh1 Ne7 17.Ne4 Bxe4 18.Bxe4 Rc8 19.Rac1 Nh6 20.Nh4 Nhf5 21.Bxf5 Nxf5 22.Nxf5 exf5
23.c3 Qc4 24.Qc2 g6 25.a3 O-O 26.Rcd1 Rfd8 27.Rf3 d5 28.exd6 Rc6 29.Qd2 Rcxd6
30.Qxd6 Rxd6 31.Rxd6 a5 32.Rd2 Qe4 33.Kh2 h4 34.b3 Kg7 35.Rd4 Qc2 36.c4 Qb2
37.Rd5 bxc4 38.bxc4 Qc1 39.Rxa5 Qxc4 40.Re5 Qd4 41.Re1 Qb2 42.Rd1 Qa2 43.Rd4 Qa1
44.Rfd3 Qa2 45.a4 Qa1 46.Rc4 Qf1 47.Rdc3 Qa1 48.Rb3 Qa2 49.Rcb4 Qa1 50.Rb1 Qa3
51.R1b3  1/2-1/2

[Event "Open"]
[Site "Liberec CZE"]
[Date "2007.11.14"]
[Round "6"]
[White "Matcins,A"]
[Black "Vavra,P2"]
[Result "1/2-1/2"]
[WhiteElo "2074"]
[BlackElo "2125"]

1.e4 c5 2.Nf3 Nc6 3.d4 cxd4 4.Nxd4 e6 5.Nc3 a6 6.g3 Qc7 7.Bg2 Nf6 8.O-O Be7
9.a4 O-O 10.h3 d6 11.Nce2 Rd8 12.c3 d5 13.exd5 Nxd5 14.Nxc6 bxc6 15.Qc2 Bb7
16.a5 c5 17.Nf4 Rab8 18.Rd1 Nxf4 19.Bxf4 e5 20.Rxd8+ Bxd8 21.Be3 Bxg2 22.Kxg2 c4
23.Qe4 Qb7 24.Qxb7 Rxb7 25.Ra4 Rxb2 26.Rxc4 Rb8 27.Ba7 Ra8 28.Bb6 Kf8 29.Bxd8 Rxd8
30.Rc6 Rd3 31.Rxa6 Rxc3 32.Ra7 Ra3 33.h4 h5 34.a6 g6 35.Kf1 Ra2 36.Ra8+ Kg7
37.a7 Kf6 38.Ke1 e4 39.Re8  1/2-1/2

[Event "TCh-FIN 2007-8"]
[Site "Finland FIN"]
[Date "2007.11.18"]
[Round "5"]
[White "Haapasalo,JP"]
[Black "Kanko,I"]
[Result "1/2-1/2"]
[WhiteElo "2186"]
[BlackElo "2220"]

1.e4 c5 2.Nf3 e6 3.d4 cxd4 4.Nxd4 Nc6 5.Nc3 Qc7 6.g3 a6 7.Bg2 Nf6 8.O-O d6
9.Re1 Bd7 10.a4 Be7 11.Nxc6 Bxc6 12.a5  1/2-1/2

[Event "WYb14"]
[Site "Kemer TUR"]
[Date "2007.11.18"]
[Round "1"]
[White "Skoulakis,C"]
[Black "Wang Chen"]
[Result "0-1"]
[WhiteElo "1953"]
[BlackElo "2311"]

1.e4 c5 2.Nf3 e6 3.d4 cxd4 4.Nxd4 Nc6 5.Nc3 Qc7 6.Be3 a6 7.Qd2 Nf6 8.f3 Bb4
9.O-O-O Ne5 10.g4 d6 11.Kb1 Bxc3 12.Qxc3 Qxc3 13.bxc3 h6 14.h4 b5 15.Be2 Bb7
16.g5 Nfd7 17.Nb3 hxg5 18.hxg5 Rxh1 19.Rxh1 O-O-O 20.Na5 Nc6 21.Nxb7 Kxb7
22.Rh7 Rg8 23.f4 Kc7 24.Bh5 Nd8 25.Bg4 Nf8 26.Rh1 Nc6 27.Bc1 f6 28.g6 Ne7
29.f5 exf5 30.exf5 Nd7 31.Rh7 Ne5 32.Bh3 Kd8 33.Rh4 Kd7 34.Rh7 Nc4 35.Bg2 d5
36.Bf4 Kc6 37.Bh3 Nc8 38.Bf1 N8d6 39.Bxd6 Kxd6 40.Bd3 Ke5 41.Kc1 Nd6 42.a4 bxa4
43.Rh4 Rc8 44.Rxa4 Nxf5 45.Rxa6 Ne7 46.Ra7 Ke6 47.Kd2 Nf5 48.Ra6+  0-1

[Event "WYb16"]
[Site "Kemer TUR"]
[Date "2007.11.18"]
[Round "1"]
[White "Cabrera Trujillo,J"]
[Black "Qu Yanqiao"]
[Result "1-0"]
[WhiteElo "2317"]
[BlackElo "1953"]

1.e4 c5 2.Nf3 e6 3.d4 cxd4 4.Nxd4 Nc6 5.Nc3 Qc7 6.Be3 a6 7.Bd3 Nf6 8.O-O Be7
9.Kh1 O-O 10.f4 d6 11.Qf3 Bd7 12.g4 Nxd4 13.Bxd4 e5 14.fxe5 dxe5 15.Qg3 Bd6
16.Rxf6 gxf6 17.Nd5 Qd8 18.Bb6  1-0

[Event "WYb16"]
[Site "Kemer TUR"]
[Date "2007.11.18"]
[Round "1"]
[White "Durarbeyli,V"]
[Black "Wageih,K"]
[Result "1-0"]
[WhiteElo "2461"]
[BlackElo "2110"]

1.e4 c5 2.Nf3 e6 3.d4 cxd4 4.Nxd4 Nc6 5.Nc3 Qc7 6.Be3 a6 7.Qd2 Nf6 8.O-O-O Be7
9.f3 O-O 10.g4 b5 11.Kb1 Bb7 12.Nb3 d6 13.Qf2 Rac8 14.h4 Ne5 15.Bb6 Qb8 16.g5 Nfd7
17.Bd4 b4 18.Na4 Bc6 19.Nb6 Nxb6 20.Bxb6 Nxf3 21.Bxa6 Bxe4 22.Bxc8 Rxc8 23.Rc1 Rc6
24.Bd4 Qa8 25.Rh3 Ra6 26.Rf1 e5 27.Rxf3 Bxf3 28.Qxf3 Qxf3 29.Rxf3 exd4 30.Nxd4 d5
31.c3 bxc3 32.Rxc3 Ra4 33.Rd3 g6 34.b3 Ra6 35.Nb5 Re6 36.Nc3 Re1+ 37.Kc2 Rh1
38.Nxd5 Bf8 39.a4 Rxh4 40.a5 Rh2+ 41.Rd2 Rh1 42.b4 h6 43.Rd1 Rh3 44.Ra1 Rh2+
45.Kb3 Rd2 46.a6 Rxd5 47.a7 Rd8 48.a8=Q Rxa8 49.Rxa8 hxg5 50.b5 g4 51.b6 g3
52.b7 g2 53.b8=Q g1=Q 54.Ra1  1-0

[Event "WYb14"]
[Site "Kemer TUR"]
[Date "2007.11.19"]
[Round "2"]
[White "Sjugirov,S"]
[Black "Baghdasaryan,V"]
[Result "1-0"]
[WhiteElo "2422"]
[BlackElo "2137"]

1.e4 c5 2.Nf3 e6 3.d4 cxd4 4.Nxd4 Nc6 5.Nc3 Qc7 6.Be3 Nf6 7.f4 Nxd4 8.Qxd4 Ng4
9.O-O-O Nxe3 10.Qxe3 Bc5 11.Qg3 O-O 12.e5 d5 13.Bd3 f5 14.Qh3 g6 15.Kb1 Bb4
16.Ne2 Qb6 17.Ka1 a5 18.g4 a4 19.a3 Bc5 20.Qg2 Qc6 21.h4 d4 22.Qh3 b5 23.h5 gxh5
24.Qxh5 Ra7 25.Rdg1 Kh8 26.Qh6 Qxh1 27.gxf5 exf5 28.Ng3 Ra6 29.Nh5 Raf6 30.exf6 Rxf6
31.Qg5 Be6 32.Rxh1 Bg8 33.Bc4  1-0

[Event "WYb14"]
[Site "Kemer TUR"]
[Date "2007.11.20"]
[Round "3"]
[White "Firat,B"]
[Black "Wang Chen"]
[Result "0-1"]
[WhiteElo "2147"]
[BlackElo "2311"]

1.e4 c5 2.Nf3 e6 3.d4 cxd4 4.Nxd4 Nc6 5.Nc3 Qc7 6.g3 a6 7.Bg2 Nf6 8.O-O Bc5
9.Nxc6 bxc6 10.Re1 e5 11.Na4 Be7 12.c4 d6 13.Be3 Be6 14.c5 d5 15.Nb6 Rd8
16.exd5 Nxd5 17.Qa4 Nxe3 18.Bxc6+ Kf8 19.Rxe3 Bxc5 20.Na8 Qd6 21.Ree1 Rb8
22.Red1 Bd4 23.b3 Ke7 24.Rac1 Rxa8 25.Bxa8 Rxa8 26.Qa5 Rd8 27.Qc7+ Rd7 28.Qxd6+ Kxd6
29.Rc8 Rc7 30.Rxc7 Kxc7 31.Rc1+ Kb6 32.Kf1 Kb5 33.Ke2 a5 34.Rc7 Kb4 35.Rc6 Ka3
36.Ra6 Bc3 37.Kd3 Bb4 38.Ke4 Kxa2 39.Kxe5 Kxb3 40.f4 g6  0-1

[Event "WYb16"]
[Site "Kemer TUR"]
[Date "2007.11.21"]
[Round "4"]
[White "Piorun,K"]
[Black "Durarbeyli,V"]
[Result "1-0"]
[WhiteElo "2353"]
[BlackElo "2461"]

1.e4 c5 2.Nf3 e6 3.d4 cxd4 4.Nxd4 Nc6 5.Nc3 d6 6.Be3 Nf6 7.Be2 Be7 8.O-O O-O
9.f4 e5 10.Nb3 a5 11.a4 Bd7 12.Nd5 Nxe4 13.Bb6 Qc8 14.Nxa5 Bd8 15.Bxd8 Qxd8
16.Nc4 Be6 17.f5 Bxd5 18.Qxd5 Rc8 19.c3 Rc7 20.Qxe4 d5 21.Qg4 dxc4 22.f6 g6
23.Qg5 Kh8 24.Rf3 Nd4 25.cxd4 Qxd4+ 26.Kh1 Qxb2 27.Qh6 Qxa1+ 28.Bf1 Qxf1+
29.Rxf1 Rg8 30.Rf3 Rd7 31.Qxh7+  1-0

[Event "WYg18"]
[Site "Kemer TUR"]
[Date "2007.11.21"]
[Round "4"]
[White "Herrera,Mil"]
[Black "Chirivi,Y"]
[Result "1/2-1/2"]
[WhiteElo "2021"]
[BlackElo "2109"]

1.e4 c5 2.Nf3 Nc6 3.d4 cxd4 4.Nxd4 e6 5.Nc3 a6 6.Be2 Nf6 7.O-O Qc7 8.Be3 b5
9.Nxc6 dxc6 10.a3 Bb7 11.f4 Rd8 12.Qe1 c5 13.e5 Nd5 14.Nxd5 Bxd5 15.a4 c4
16.Qf2 b4 17.Kh1 Rc8 18.Bf3 Bxf3 19.Qxf3 Be7 20.Qg4 g6 21.Rf3 Qc6 22.Bd4 Qe4
23.c3 b3 24.Re3 Qc6 25.Qe2 O-O 26.Rh3 Rfd8 27.Qe3 h5 28.Rf3 Rd5 29.Qe2 Ra5
30.h3 Rxa4 31.Rxa4 Qxa4 32.g4 hxg4 33.hxg4 Qc6 34.f5 Qd5 35.f6 Bc5 36.Qe3 Kf8
37.Kh2 Ke8 38.Rf4 Bf8 39.g5 a5 40.Rh4 a4 41.Rh8 a3 42.Qh3 Kd7 43.Qh7 axb2
44.Qxf7+ Kc6 45.Rh7 Kb5 46.Qa7 Qh1+ 47.Kg3 Qe1+ 48.Kh3 Qf1+ 49.Kg3  1/2-1/2

[Event "WYb14"]
[Site "Kemer TUR"]
[Date "2007.11.21"]
[Round "4"]
[White "Jackman,A"]
[Black "Baghdasaryan,V"]
[Result "0-1"]
[WhiteElo "1806"]
[BlackElo "2137"]

1.e4 c5 2.Nf3 e6 3.Nc3 Nc6 4.d4 cxd4 5.Nxd4 Qc7 6.Be3 a6 7.Be2 Nf6 8.O-O d6
9.a4 Be7 10.f4 O-O 11.Qe1 e5 12.Nxc6 bxc6 13.fxe5 dxe5 14.Qg3 Kh8 15.Rf2 Rb8
16.Rb1 Rb4  0-1

[Event "20th Belgrade Trophy"]
[Site "Belgrade SRB"]
[Date "2007.11.22"]
[Round "1"]
[White "Bralic,D"]
[Black "Stojanovski,St"]
[Result "0-1"]
[WhiteElo "2313"]
[BlackElo "1980"]

1.e4 c5 2.Nc3 e6 3.Nf3 Nc6 4.d4 cxd4 5.Nxd4 a6 6.Be3 Qc7 7.Be2 Nf6 8.Qd2 Bb4
9.f3 Ne7 10.O-O Nc6 11.a3 Be7 12.Kh1 b5 13.Nxc6 dxc6 14.Na2 O-O 15.c4 Qe5
16.Bf4 Qh5 17.g4 Qg6 18.Rad1 bxc4 19.Qe3 Nd7 20.Bd6 Bxd6 21.Rxd6 Rb8 22.Bxc4 Rxb2
23.Qc3 Qf6 24.Qxf6 gxf6 25.h4 Nb6  0-1

[Event "WYb16"]
[Site "Kemer TUR"]
[Date "2007.11.22"]
[Round "5"]
[White "Nabaty,T"]
[Black "Blum,N"]
[Result "1-0"]
[WhiteElo "2426"]
[BlackElo "2224"]

1.e4 c5 2.Nf3 e6 3.d4 cxd4 4.Nxd4 Nc6 5.Nc3 Qc7 6.f4 a6 7.Nxc6 Qxc6 8.Bd3 b5
9.Qe2 Bb7 10.Bd2 Bc5 11.O-O-O Ne7 12.Qh5 g6 13.Qg5 O-O-O 14.Rhe1 f5 15.Be3 Bxe3+
16.Rxe3 b4 17.Qxe7 bxc3 18.Be2 cxb2+ 19.Kxb2 Kb8 20.Rc3 Rhe8 21.Qb4 Qxe4
22.Qd6+ Ka8 23.Bf3 Qa4 24.Rd4 Qa5 25.Ra3 Qb5+ 26.Rb4  1-0

[Event "WYb16"]
[Site "Kemer TUR"]
[Date "2007.11.22"]
[Round "5"]
[White "Rombaldoni,Ax"]
[Black "Rasulov,V"]
[Result "0-1"]
[WhiteElo "2399"]
[BlackElo "2344"]

1.e4 c5 2.Nf3 e6 3.d4 cxd4 4.Nxd4 Nc6 5.Nc3 a6 6.Be3 Qc7 7.Qd2 b5 8.O-O-O Bb7
9.f3 Nf6 10.Kb1 Ne5 11.Bf4 Rc8 12.g4 h6 13.h4 b4 14.Na4 d5 15.Bd3 dxe4 16.fxe4 Nfxg4
17.Rhg1 h5 18.Rxg4 hxg4 19.Nb5 axb5 20.Bxb5+ Ke7 21.Bxe5 Qxe5 22.Qd7+ Kf6
23.Qxb7 Rc7 24.Qb8 Kg6 25.Be2 g3 26.Nb6 g2 27.Bf3 Qc5  0-1

[Event "WYb14"]
[Site "Kemer TUR"]
[Date "2007.11.22"]
[Round "5"]
[White "Van Kampen,R"]
[Black "Wang Chen"]
[Result "0-1"]
[WhiteElo "2033"]
[BlackElo "2311"]

1.e4 c5 2.Nf3 e6 3.d4 cxd4 4.Nxd4 Nc6 5.Nc3 Qc7 6.Be3 a6 7.Bd3 Nf6 8.O-O Bd6
9.f4 Nxd4 10.e5 Bc5 11.exf6 Nf5 12.Bf2 g6 13.Bxf5 gxf5 14.Qe2 Qc6 15.Rad1 b5
16.Nd5 Bb7 17.b4 Bd6 18.Be1 Rc8 19.Ne3 Bb8 20.Nxf5 Qxc2 21.Ng7+ Kd8 22.Bd2  0-1

[Event "WYb14"]
[Site "Kemer TUR"]
[Date "2007.11.22"]
[Round "5"]
[White "Postolachi,V"]
[Black "Shen,V"]
[Result "1-0"]
[WhiteElo "1965"]
[BlackElo "2117"]

1.e4 c5 2.Nf3 e6 3.d4 cxd4 4.Nxd4 Nc6 5.Nc3 Qc7 6.Be2 a6 7.f4 d6 8.Be3 Nf6
9.O-O Be7 10.Qe1 O-O 11.Qg3 Bd7 12.Kh1 b5 13.a3 Kh8 14.Bd3 Na5 15.e5 dxe5
16.fxe5 Nd5 17.Qh3 g6 18.Bh6 Nxc3 19.Bxf8 Bxf8 20.bxc3 Qxe5 21.Rac1 Qg7 22.a4 Bc8
23.axb5 e5 24.Qg3 f6 25.Nb3 Nxb3 26.cxb3 axb5 27.Bxb5 Be6 28.c4 Bc5 29.Bc6 Rd8
30.Qh4 Rf8 31.Bd5 Bd7 32.Rb1 Qe7 33.Ra1 Ba3 34.Ra2 Kg7 35.Rfa1 Bc5 36.Ra8 Bc8
37.b4 Bd4 38.Rb1 Qd6 39.b5 Qc7 40.Qe1 Rd8 41.Qa5 Bb6 42.Qb4 Rd6 43.Rxc8  1-0

[Event "WYg16"]
[Site "Kemer TUR"]
[Date "2007.11.22"]
[Round "6"]
[White "Olsarova,T"]
[Black "Officer,A"]
[Result "1-0"]
[WhiteElo "2048"]
[BlackElo "1816"]

1.e4 c5 2.Nf3 e6 3.d4 cxd4 4.Nxd4 Nc6 5.Nc3 Qc7 6.Be2 a6 7.O-O Nf6 8.a3 Be7
9.Be3 O-O 10.Kh1 d6 11.f4 Bd7 12.Bf3 Na5 13.Qd3 Rac8 14.Rad1 Nc4 15.Bc1 e5
16.Nde2 exf4 17.Nxf4 Ne5 18.Qd2 Rfe8 19.Qf2 Bc6 20.Qg3 Bf8 21.Nfd5 Bxd5 22.exd5 g6
23.Be3 Nc4 24.Bd4 Nd7 25.Bg4 Nxb2 26.Qf4 Ne5 27.Rb1 Nxg4 28.Qxg4 Nc4 29.Ne4 Bg7
30.Nf6+ Bxf6 31.Bxf6 Ne5 32.Qf4 Nd7 33.Bg5 Ne5 34.Qf6 Qe7 35.Qxe7 Rxe7 36.Bxe7  1-0

[Event "WYb14"]
[Site "Kemer TUR"]
[Date "2007.11.22"]
[Round "6"]
[White "Robson,R"]
[Black "Wang Chen"]
[Result "1/2-1/2"]
[WhiteElo "2368"]
[BlackElo "2311"]

1.e4 c5 2.Nf3 e6 3.d4 cxd4 4.Nxd4 Nc6 5.Nc3 Qc7 6.Be2 a6 7.O-O Nf6 8.Be3 Bb4
9.Na4 Be7 10.Nxc6 bxc6 11.Nb6 Rb8 12.Nxc8 Qxc8 13.Bd4 c5 14.Be5 Rb6 15.Qd3 d6
16.Bc3 O-O 17.b3 Nd7 18.Qg3 Bf6 19.Bxf6 Nxf6 20.e5 dxe5 21.Qxe5 Rd8 22.Rfd1 Rd5
23.Qe3 Rbd6 24.Bf3 Rxd1+ 25.Rxd1 Qd8 26.Rxd6 Qxd6 27.g3 g6 28.a4 Nd7 29.a5 Ne5
30.Bb7 Nc6 31.Bxc6 Qxc6 32.Qd3 Kg7 33.Qc3+ f6 34.b4 c4 35.Qd4 g5 36.f3 e5
37.Qa7+ Kg6 38.h3 Qxf3 39.b5 Qc3 40.b6 Qe1+  1/2-1/2

[Event "WYb14"]
[Site "Kemer TUR"]
[Date "2007.11.22"]
[Round "6"]
[White "Tillyaev,U"]
[Black "Baghdasaryan,V"]
[Result "1/2-1/2"]
[WhiteElo "2067"]
[BlackElo "2137"]

1.e4 c5 2.Nf3 e6 3.d4 cxd4 4.Nxd4 Nc6 5.Nc3 Qc7 6.Be2 Nf6 7.Be3 Bb4 8.Nb5 Qb8
9.a3 Be7 10.O-O a6 11.Nd4 O-O 12.f4 d6 13.f5 Nxd4 14.Qxd4 b5 15.g4 Rd8 16.g5 Ne8
17.Bh5 g6 18.fxg6 hxg6 19.Qd1 Ng7 20.Bf3 Rf8 21.Bg4 Bb7 22.h4 d5 23.exd5 exd5
24.Bd4 Qd6 25.Re1 Rae8  1/2-1/2

[Event "World Blitz"]
[Site "Moscow RUS"]
[Date "2007.11.22"]
[Round "30"]
[White "Grischuk,A"]
[Black "Rublevsky,S"]
[Result "1-0"]
[WhiteElo "2715"]
[BlackElo "2676"]

1.e4 c5 2.Nf3 e6 3.d4 cxd4 4.Nxd4 Nc6 5.Nc3 Qc7 6.Be2 Nf6 7.O-O Be7 8.Be3 O-O
9.f4 d6 10.Kh1 Nxd4 11.Bxd4 e5 12.Be3 exf4 13.Bxf4 Be6 14.Qd3 Rac8 15.Qg3 Kh8
16.Rad1 Rfd8 17.e5 dxe5 18.Bxe5 Qb6 19.Bd3 Ne8 20.Ne2 Bc4 21.Bxc4 Rxd1 22.Rxd1 Rxc4
23.Qd3 Rc8 24.Bd4 Qe6 25.Nf4 Qxa2 26.Re1 Bf6 27.Qf5  1-0

[Event "Bundesliga 2007-8"]
[Site "Katernberg GER"]
[Date "2007.11.24"]
[Round "3"]
[White "Vachier Lagrave,M"]
[Black "Novikov,St1"]
[Result "1-0"]
[WhiteElo "2634"]
[BlackElo "2534"]

1.e4 c5 2.Nf3 e6 3.d4 cxd4 4.Nxd4 Nc6 5.Nc3 Qc7 6.f4 Bb4 7.Nb5 Qb8 8.a3 Be7
9.e5 Nh6 10.Ne4 O-O 11.Bd3 b6 12.O-O Ba6 13.c4 Bxb5 14.cxb5 Nd4 15.g4 Qb7
16.Be3 Nxb5 17.f5 d5 18.Nf6+ gxf6 19.Bxh6 Nc7 20.exf6 Bxf6 21.fxe6 fxe6 22.Bxf8 Rxf8
23.g5 Bd4+ 24.Kg2 Rxf1 25.Bxh7+ Kxh7 26.Qh5+ Kg8 27.Rxf1 Nb5 28.Qe8+ Kg7
29.Qf8+  1-0

[Event "WYb18"]
[Site "Kemer TUR"]
[Date "2007.11.24"]
[Round "7"]
[White "Leenaerts,R"]
[Black "Krstic,P"]
[Result "1/2-1/2"]
[WhiteElo "2115"]
[BlackElo "2358"]

1.e4 c5 2.Nf3 e6 3.d4 cxd4 4.Nxd4 Nc6 5.Nc3 Qc7 6.Be3 a6 7.Qd2 Nf6 8.O-O-O Bb4
9.f3 O-O 10.g4 b5 11.g5 Nh5 12.a3 Be7 13.Rg1 b4 14.axb4 Bxb4 15.Nxc6 dxc6
16.Bc4 Qa5 17.Qd4 e5 18.Qb6 Bxc3 19.bxc3 Qxb6 20.Bxb6 Nf4 21.Bc7 Be6 22.Bxe6 fxe6
23.Rgf1 Ng6 24.Kd2 Rac8 25.Ba5 Rf4 26.Ke3 Nh4 27.Ke2 Ng6 28.Rd2 Rh4 29.Ke3 Rh5
30.Rg1 Rf8 31.Bb4 Rf4 32.Rd8+ Kf7 33.Rd7+ Ke8 34.Rgd1 Rxg5 35.Rxg7 Rxf3+
36.Kxf3 Nh4+ 37.Ke2 Rxg7 38.Rd6 Rg2+ 39.Kd3 Ng6 40.Rxc6 Nf4+ 41.Kc4 Rxh2
42.Bd6 Re2 43.Rxa6 Kd7 44.Kb5 Rxc2 45.Bb4 Ne2 46.Ra7+ Ke8 47.Kc4 Nf4 48.Re7+ Kd8
49.Rxh7 Re2 50.Kb5 Rxe4 51.Kc6 Rc4+ 52.Kd6 Kc8 53.Kxe5 Nd3+ 54.Kxe6 Nxb4
55.cxb4 Rxb4  1/2-1/2

[Event "TCh-HUN 2007-8"]
[Site "Budapest HUN"]
[Date "2007.11.25"]
[Round "3"]
[White "Torok,S"]
[Black "Kovacs,Ga2"]
[Result "1-0"]
[WhiteElo "2280"]
[BlackElo "2499"]

1.e4 c5 2.Nf3 e6 3.d4 cxd4 4.Nxd4 Nc6 5.Nc3 Qc7 6.Be3 a6 7.Bd3 Nf6 8.O-O Ne5
9.h3 Bc5 10.Na4 Ba7 11.c4 d6 12.Rc1 Bd7 13.Nc3 Bc5 14.Qd2 O-O 15.Rfd1 Rac8
16.Nc2 Bxe3 17.Nxe3 Rfd8 18.Be2 Be8 19.b4 Qb6 20.a3 a5 21.b5 Qc5 22.Na4 Qxa3
23.Ra1 Qb4 24.Qd4 Bxb5 25.cxb5 Nxe4 26.Nb6 Nc3 27.Qxb4 axb4 28.Nxc8 Nxe2+
29.Kf1 Nc3 30.Nxd6 Nxd1 31.Nxd1 Kf8 32.Nxb7 Rd5 33.b6 Nd7 34.Ne3 Rd4 35.Ra8+ Ke7
36.Na5 b3 37.b7 b2 38.b8=Q Nxb8 39.Rxb8 Ra4 40.Nc6+ Kd6 41.Rxb2 Kxc6 42.Rd2 Kc7
43.Ke2 Rf4 44.g3 Ra4 45.f4 h5 46.Kf3 Ra3 47.Rd4 Rb3 48.Ke4 Ra3 49.f5 exf5+
50.Nxf5 h4 51.g4 Rxh3 52.Nxg7 Ra3 53.Nf5 h3 54.Rd2 Ra1 55.Rh2 Ra4+ 56.Nd4 Kd6
57.Rxh3 Ke7 58.Rh6 Kf8 59.Rb6 Kg7 60.Rd6 f6 61.Kf5 Ra5+ 62.Kf4 Ra4 63.Kg3 Ra7
64.Re6 Kg6 65.Kf4 Kf7 66.Re4 Kg6 67.Nf5 Kf7 68.Rb4 Kg6 69.Rb8 Kh7 70.Rf8 Kg6
71.Rh8 Ra1 72.Rh6+ Kf7 73.Rh7+ Kg8 74.Rb7 Rf1+ 75.Ke4 Kf8 76.Rc7 Re1+ 77.Kd5 Re5+
78.Kd6 Kg8 79.Nh6+ Kf8 80.Rf7+ Ke8 81.Rg7 Rg5 82.Rxg5 fxg5 83.Ke6  1-0

[Event "WYg18"]
[Site "Kemer TUR"]
[Date "2007.11.25"]
[Round "8"]
[White "Kiran,M"]
[Black "Chirivi,Y"]
[Result "0-1"]
[WhiteElo "2263"]
[BlackElo "2109"]

1.e4 c5 2.Nf3 e6 3.d4 cxd4 4.Nxd4 Nc6 5.Nc3 Qc7 6.Be3 a6 7.Qd2 Nf6 8.f3 Bb4
9.a3 Be7 10.O-O-O b5 11.Nb3 O-O 12.g4 Ne5 13.g5 Nh5 14.f4 Nc4 15.Bxc4 bxc4
16.Nd4 Rb8 17.f5 Qb7 18.Qe2 g6 19.Kd2 d5 20.fxg6 fxg6 21.exd5 exd5 22.Rdf1 Bh3
23.Rf3 Qd7 24.Kc1 Rfe8 25.Rg1 Bc5 26.Qd1 Rb7 27.Qd2 Bg4 28.Rff1 Reb8 29.Nf5 Bxf5
30.Bxc5 Rxb2 31.Rxf5 Qxf5 32.Bb4 R2xb4 33.axb4 Rd8 34.Ne2 Qe5 35.Nd4 Nf4  0-1

[Event "WYb14"]
[Site "Kemer TUR"]
[Date "2007.11.25"]
[Round "8"]
[White "Mai,L"]
[Black "Baghdasaryan,V"]
[Result "1/2-1/2"]
[WhiteElo "2166"]
[BlackElo "2137"]

1.e4 c5 2.Nf3 e6 3.d4 cxd4 4.Nxd4 Nc6 5.Nc3 Qc7 6.Be3 a6 7.Qd2 Nf6 8.f3 Bb4
9.Nde2 O-O 10.a3 Be7 11.Bf4 d6 12.O-O-O e5 13.Bg5 Be6 14.Bxf6 Bxf6 15.Nd5 Bxd5
16.Qxd5 Rac8 17.Qd2 b5 18.h4 b4 19.Qxd6 Qb6 20.Qd3 Rfd8 21.Qb3 Rxd1+ 22.Kxd1 Qf2
23.Nc1 Rd8+ 24.Nd3 Bxh4 25.Kc1 Qe3+ 26.Kb1 Be7 27.axb4 Rb8 28.c3 a5 29.b5 Na7
30.Nxe5 Qf4 31.Nxf7 a4 32.Qd5 Qxf7 33.Bc4 Qxd5 34.Bxd5+ Kh8 35.c4 Bd6 36.Rd1 Be5
37.Be6 g6 38.Rd7 Rb6 39.Bd5 Nxb5 40.cxb5 Rxb5 41.Rb7 Rxb7 42.Bxb7 Kg7 43.Bc6 Kf6
44.Bxa4 Kg5 45.b4 Kf4 46.Bd7 Bd6 47.b5 Bc7 48.Kc2 Ke5 49.Kd3 g5 50.Kc4 Bb6
51.Bf5 h5 52.g3 h4 53.gxh4 gxh4 54.Bh3 Be3 55.Bg2 Bb6 56.f4+ Kxf4 57.Kd5 Bc7
58.Bh1 h3 59.Kc6 Be5 60.b6 Kg3 61.Kd5 Kf4 62.b7 Bb8 63.Kd4 Be5+ 64.Kd3 Kg3
65.Ke3 Kh2 66.Bf3 Kg1 67.Ke2 Bb8 68.Ke3 Be5 69.Ke2  1/2-1/2

[Event "WYb16"]
[Site "Kemer TUR"]
[Date "2007.11.25"]
[Round "8"]
[White "Yilmazyerli,M"]
[Black "Durarbeyli,V"]
[Result "1/2-1/2"]
[WhiteElo "2120"]
[BlackElo "2461"]

1.e4 c5 2.Nf3 Nc6 3.Nc3 e6 4.d4 cxd4 5.Nxd4 Nf6 6.Nxc6 bxc6 7.e5 Nd5 8.Ne4 Qc7
9.f4 Qb6 10.c4 Ne3 11.Qd3 Bb4+ 12.Nc3 Nf5 13.a3 Bxc3+ 14.Qxc3 c5 15.Bd3 Nd4
16.Be3 a5 17.Bxd4 cxd4 18.c5 dxc3 19.cxb6 Ba6 20.Ke2 Ke7 21.bxc3 Rhb8 22.Rab1 Bxd3+
23.Kxd3 Ra6 24.b7 Ra7 25.Kc2 f6 26.Rhe1 Rbxb7 27.Rxb7 Rxb7 28.g4 d5 29.f5 exf5
30.gxf5 Rb5 31.Rg1 fxe5 32.Rxg7+ Kf6 33.Rxh7 Rc5 34.Kd3 Kxf5 35.Rh5+ Kf4
36.Rh4+ Kf3 37.Rh3+ Kf2 38.Rh5 e4+ 39.Kd4 Rc4+ 40.Kxd5 Ra4 41.Rh4 Kf3 42.Rh3+ Kg4
43.Re3 Kf4 44.Rh3 Kg4 45.Re3 Kf4 46.Rh3  1/2-1/2